Statistics for Minecraft Monday Winners

Click here to take the quiz!

General Stats

  • This quiz has been taken 10,175 times
    (200 since last reset)
  • The average score is 7 of 17

Answer Stats

WeekWinner% Correct
1Technoblade
98%
5Skeppy
69%
5BadBoyHalo
67%
10Ph1LzA
57%
4Vikkstar123
57%
2iBallisticSquid
51%
6jschlatt
49%
1ShotGunRaids
49%
12xQcOW
44%
12m0xy
40%
4PrestonPlayz
38%
3cscoop
25%
3traves
22%
8needlesxd
16%
11BastiGHG
14%
8MCmorganplayz
14%
11Aqua
9%

Score Distribution

Percentile by Number Answered

Percent of People with Each Score

Your Score History

You have not taken this quiz since the last reset